Catchment community (Record no. 70240)

MARC details
000 -LEADER
fixed length control field 01114cam a2200229 4500
001 - CONTROL NUMBER
control field ABS65507
008 - FIXED-LENGTH DATA ELEMENTS--GENERAL INFORMATION
fixed length control field 020513n2002 000 0 eng u
035 ## - SYSTEM CONTROL NUMBER
System control number (Sirsi) u117939
100 ## - MAIN ENTRY--PERSONAL NAME
Personal name Lovelace, N.
245 ## - TITLE STATEMENT
Title Catchment community
260 ## - PUBLICATION, DISTRIBUTION, ETC.
Date of publication, distribution, etc. 2002
490 ## - SERIES STATEMENT
Series statement New Civil Engineer
Volume/sequential designation (1439) 2 May 2002, 18-19(2)
520 ## - SUMMARY, ETC.
Summary, etc. A local initiative the Parrett Catchment Project (PCP) in Somerset, is one of five government pilot schemes using catchment-based flood management. PCP is adopting a radical new approach to flooding - flood mitigation is considered for the whole of the Somerset levels and Moors, rather than by a site by site basis.The scheme is seeking government backing in order for it to work properly. The article oulines the steering group's plans for the next 12 years in "The Parrett catchment water management strategy action plan".
590 ## - LOCAL NOTE (RLIN)
Local note ABS
650 ## - SUBJECT ADDED ENTRY--TOPICAL TERM
Topical term or geographic name entry element SOMERSET
650 ## - SUBJECT ADDED ENTRY--TOPICAL TERM
Topical term or geographic name entry element FLOOD PLAINS
650 ## - SUBJECT ADDED ENTRY--TOPICAL TERM
Topical term or geographic name entry element FLOOD RISK AREAS
650 ## - SUBJECT ADDED ENTRY--TOPICAL TERM
Topical term or geographic name entry element ENVIRONMENT AGENCY
650 ## - SUBJECT ADDED ENTRY--TOPICAL TERM
Topical term or geographic name entry element FLOODING
690 ## - LOCAL SUBJECT ADDED ENTRY--TOPICAL TERM (OCLC, RLIN)
Topical term or geographic name as entry element ENVIRONMENTAL AND LAND CONSULTANCY-ENVIRONMENTAL MANAGEMENT
942 ## - ADDED ENTRY ELEMENTS (KOHA)
Suppress in OPAC 0
Holdings
Withdrawn status Lost status Source of classification or shelving scheme Damaged status Not for loan Home library Current library Shelving location Date acquired Total Checkouts Full call number Barcode Date last seen Copy number Price effective from Koha item type
    Dewey Decimal Classification     London London Journal article 13/05/2002   ABS65507 117939-1001 06/08/2019 1 06/08/2019 Journal article